| 000 | 00489cab a2200181 4500 | ||
|---|---|---|---|
| 001 | WB2612-25 | ||
| 008 | 090401t1990 xxu||||| |||| 00| 0 eng d | ||
| 035 | _a(Sirsi) u15694 | ||
| 041 | _aeng | ||
| 245 | _aLand registration | ||
| 260 | _c1990 | ||
| 350 | _a0 | ||
| 490 |
_aTimes _v17/3/90 p58 |
||
| 520 | _aHowell v Montey CA 7 March 1990. Concerns the registration of the title to a house subject to a charging order nisi . | ||
| 690 | _aLAND | ||
| 942 | _n0 | ||
| 948 | _c04/03/1997 | ||
| 999 |
_c10321 _d10321 |
||